Responses for Show #3327 - Tuesday, February 9, 1999

1999 Tournament of Champions quarterfinal game 2.

Contestants

[<< previous game]

Andrew Hutchings, a college champion from Tucson, Arizona

Lara Robillard, a health policy director from Arlington, Virginia

Dave Abbott, a musician and contract manager from Cincinnati, Ohio

[next game >>]

Jeopardy! Round responses

BODIES OF WATER
THE SIMPSONS
(Alex: The TV series.)
AUTHORS & THEIR WORKS
IT'S A GROUP THING
NOTABLE WOMEN
DOESN'T RHYME WITH SQUAT
    $100 1
Lake Superior

Lara
    $100 6
U2

Lara
    $100 8
Pearl S. Buck

Lara
    $100 16
The Spice Girls

Lara
    $100 26
(A: What is Oxford?)

Cambridge

DaveAndrew
    $100 21
Cold

Dave
    $200 2
Caribbean Sea

Dave
    $200 7
Krusty the Clown

Dave
    $200 9
14th century

Triple Stumper
    $200 17
Teletubbies

Lara
    $200 27
Violin

Lara
    $200 22
Dash

Lara
    $500 3
Black Sea

Dave
    $300 13
Mr. Burns

Andrew
    $300 10
John Galsworthy

Dave
    $300 18
Pink Floyd

Lara
    $300 28
Wendy Wasserstein

Lara
    $300 23
Will

Andrew
    $400 4
Strait of Messina

Lara
    $400 14
Milhouse

Andrew
    $400 11
Michael Ondaatje

Lara
    $400 19
(L: Who are the Fabulous Four?)

Fantastic Four

DaveLara
    $400 29
Eartha Kitt

Lara
    $400 24
King Arthur

Lara
    $500 5
(L: What is Lake Victoria?)

Lake Tanganyika

LaraAndrew
    $500 15
Ned Flanders

Andrew
    $500 12
Georges Feydeau

Triple Stumper
    $500 20
The "Four Horsemen" Of Notre Dame (football)

Triple Stumper
    $500 30
Lou Hoover

Dave
    $500 25
(D: Who is Esau?)

Abram

Dave
Triple Stumper

Scores at the first commercial break (after clue 15):

Dave Lara Andrew
$1,200 $600 $1,700

Scores at the end of the Jeopardy! Round:

Dave Lara Andrew
$1,800 $2,300 $1,900

Double Jeopardy! Round responses

WATERS OF THE BODY
FRENCH FILM REMAKES
BRITISH PRIME MINISTERS
TOWERS
THE 1880s
FUN WITH ROMAN NUMERALS
(Alex: Each correct response will be a number represented by Roman numerals.)
    $200 11
perspiration

Andrew
    $200 16
Blake Edwards

Lara
    $200 21
Margaret Thatcher

Andrew
    $200 6
Tehran

Lara
    $200 26
a canal

Dave
    $200 1
5 (V)

Dave
    $400 12
tears

Lara
    $400 17
Diabolique

Lara
    $400 22
(Lara: What is Ascot?)
(Dave: What is the Grand National?)

the Epsom Derby

DaveLara
Triple Stumper
    $400 7
Watts Towers

Dave
    $400 27
AT&T (American Telephone & Telegraph)

Dave
    $400 2
4 (IV)

Dave
    $600 13
the ear

Dave
    $600 18
Three Fugitives

Dave
    $600 23
Wales

Dave
    $600 8
the CN Tower

Andrew
    $1,500 28
(Dave: What is Birmingham?)

Tuskegee

Dave
    $600 3
400 (CD)

Lara
    $800 14
plasma

Andrew
    $800 19
The Woman in Red

Dave
    $1,500 24
Robert Peel

Dave
    $800 9
the Tribune Company

Triple Stumper
    $800 29
Grover Cleveland

Dave
    $800 4
2000 (MM)

Dave
    $1000 15
the lymphatic system

Dave
    $1000 20
Blame it on Rio

Dave
    $1000 25
Arthur Balfour

Andrew
    $1000 10
(Dave: What is Corinth?)

Thessalonika

Dave
Triple Stumper
    $1000 30
Nikolai Rimsky-Korsakov

Andrew
    $1000 5
40 (XL)

Dave

Scores at the end of the Double Jeopardy! Round:

Dave Lara Andrew
$9,200 $3,700 $5,700

Final Jeopardy! Round responses

AMERICAN HISTORY
(Alex: The vice president is also president of the Senate; can also break ties.)
LaraWho was Jefferson Davis
$2,100
AndrewWho is Breckenridge?
$5,700
DaveWho was Hannibal Hamlin?
$1,000
Hannibal Hamlin

Final scores:

Dave Lara Andrew
$10,200 $1,600 $0
Automatic semifinalist 2nd place: $2,500 if eliminated 3rd place: $2,500 if eliminated

Game dynamics:

Coryat scores:

Dave Lara Andrew
$9,800 $3,700 $5,700
23 R
(including 2 DDs),
4 W
(including 1 DD)
18 R,
3 W
11 R,
1 W

Combined Coryat: $19,200

[game clues] [game scores] [suggest correction]

Game tape date: 1999-01-05
The J! Archive is created by fans, for fans. Scraping, republication, monetization, and malicious use prohibited; this site may use cookies and collect identifying information. See terms. The Jeopardy! game show and all elements thereof, including but not limited to copyright and trademark thereto, are the property of Jeopardy Productions, Inc. and are protected under law. This website is not affiliated with, sponsored by, or operated by Jeopardy Productions, Inc. Join the discussion at JBoard.tv.